000 00875nam a22002417a 4500
005 20110401142023.0
008 110401t xxu||||| |||| 00| 0 eng d
010 _aENG-102215
020 _a9788184503517
_c900.00
035 _aEN-85748
037 _bDBAD/PUB
040 _adpl
_bEng
082 _a320.954
100 _926835
_aSanjeev Kumar
245 _aNationalism in India /
_cby Sanjeev Kumar ; foreworded by Wilheim Zoltan
260 _aNew Delhi
_bDeep and Deep Publications
_c2011
270 _aF-159, Rajouri Garden
_bNew Delhi
_e110027
300 _axix,278p.
_c22cm (Hb)
500 _aIncludes bibliographical references and index
700 _926836
942 _2ddc
_cEN
_h320.954
_mSAN
999 _c51370
_d51370